000 00855nam a22002537a 4500
005 20110823143850.0
008 110823t xxu||||| |||| 00| 0 eng d
010 _aENG-103566
020 _a9788183822381
_c250.00
035 _aEN-87099
037 _bDBAD/PUB
040 _aDPL
_bEng
082 _a250
100 _933301
245 _aThe Dhammapada :
_ctranslated by F. Max Muller
_bthe Gita of Buddhism /
260 _aNew Delhi
_bLotus Press
_c2011
270 _a4263/3, Ansari Road, Darya Ganj
_bNew Delhi
_e110002
300 _a174p.
_c22cm (pbk)
490 _aIndia bookvarsity lotus choices ; edited by Mahendra Kulasrestha
_933423
650 _933306
700 _933298
942 _2ddc
_cEN
_h250
_mDHA
999 _c55822
_d55822